000 00427nam a2200169Ia 4500
003 LK-CoDNM
005 20240801131359.0
008 010623t1913 xxu||||| |||| 00| 1 fra d
040 _aLK-CoDNM
_dLK-CoDNM
_eLK-CoDNM
041 _afra
080 _a8
_bPP49
100 _aEggeling,Julius.
245 _aThe story of Nala
260 _bJames Thin-Edinburgh,Simpkin and Company
_aLondon
_c1913
300 _b18 cm
942 _cBK
999 _c87762
_d87762